[Event "FIDE-Wch k.o."]
[Site "Moscow"]
[Date "2001.12.10"]
[Round "6.2"]
[White "Ponomariov, Ruslan"]
[Black "Svidler, Peter"]
[Result "1/2-1/2"]
[WhiteElo "2684"]
[BlackElo "2686"]
[Annotator "Kostakiev,D"]
[PlyCount "91"]
[EventDate "2001.11.27"]
[EventType "k.o."]
[EventRounds "7"]
[EventCountry "RUS"]
[SourceTitle "CBM 086"]
[Source "ChessBase"]
[SourceDate "2002.02.05"]
[SourceVersion "1"]
[SourceVersionDate "2002.02.05"]
[SourceQuality "1"]

{This game shall meet us with the typical middle game technic: N sacrifice for
3 pawns: Pb5+Pa6+Pd6:} 1. e4 c5 2. Nf3 d6 3. d4 cxd4 4. Nxd4 Nf6 5. Nc3 a6 6.
f3 e6 ({For:} 6... e5 7. Nb3 {see: 1-0 Kosteniuk,A-Zhu Chen/Moscow RUS 2001 
(38).}) 7. Be3 b5 8. g4 Nfd7 9. Qd2 Nb6 10. O-O-O N8d7 11. Bg5 Qc7 {[#]} 12.
Ndxb5 {Ftachnik wrote before this game: 'Very interesting novelty, white is
forcing exchange combination despite his vulnerable a2 pawn.'} (12. Kb1 {
Ftacnik} Bb7 13. Ndxb5 axb5 14. Nxb5 Qc5 {0-1 Svidler,P-Georgiev,K/Istanbul/
2000/ (31)}) 12... axb5 13. Nxb5 Qc6 14. Nxd6+ Bxd6 15. Qxd6 Qxd6 16. Rxd6 Ba6
{'?!' Ftacnik.} (16... Rxa2 {Ftacnik} 17. Kb1 Ra5 18. Be3 Na8 19. Be2 Ke7 20.
Rhd1 $13) 17. Bxa6 Rxa6 18. a3 h5 19. gxh5 $146 (19. h4 {Ftacnik} hxg4 20. fxg4
f6 21. Be3 (21. Rxe6+ $2 {Ftacnik} Kf7 22. Rxb6 Rxb6 $19) 21... Ke7 22. Rhd1 $5
Rb8 $2 {Shipov defends the position in a very passive way, white has excellent
chances due to the coordination of his pieces.} (22... Rxh4 {Ftacnik}) (22...
Nd5 $5 {Ftacnik}) 23. Rc6 {1-0 Smirnov,P-Shipov,S/Elista 2001/CBM 83/[Ftacnik]
(39)}) 19... Ra5 {May be after correct play from both sides the final shall be
draw. Probably in near future we shall see some more games on this topic which
sall confirm this opinion} (19... Rxh5 20. h4 $13) 20. h4 (20. Be3 Nc8 21. Rc6
Ne7 $11) 20... Nc4 21. Rc6 Rc5 22. Rxc5 Nxc5 {[#]} 23. b3 (23. b4 Nd7 24. a4
Rxh5 25. a5 Nb8 $15) (23. h6 $5 {/\ <->hXh4} gxh6 24. Bd2 Ke7 25. b3 $13) 23...
Nxa3 24. h6 gxh6 25. Be3 Nb7 26. Kb2 (26. e5 $5 Nb5 27. c4 Nc7 28. Kb2) 26...
Nb5 27. e5 Rg8 (27... Nc7 $5 $11) (27... h5 $5 28. c4 Nc7) 28. Bxh6 $14 {o^ Ph4
} Nd4 29. h5 Rg2 30. Kc3 Nxf3 31. Bf4 Kf8 32. Rf1 (32. h6 Kg8 $11) 32... Ng5
$11 {[#]} (32... Ng1 $5 33. Bh6+ Kg8 34. Be3 Ne2+ 35. Kd3 Nd8 $15) 33. Kb4 $5 {
It leads to a nice draw} ({From the stronger Wite's position draw should be
after:} 33. h6 $1 $14) 33... Ne4 $15 34. c4 Nbc5 35. Rf3 Ra2 36. h6 (36. Kb5
Ra3 37. Kb4 Ra8 38. h6 Kg8 39. Re3 Rb8+ $17) 36... Kg8 37. Bc1 (37. Kb5 Ra3 38.
Kc6 Nxb3 $17) 37... Ra7 38. Kb5 Nxb3 39. Kb6 Ra8 40. Be3 Rb8+ 41. Kc7 Rb4 42.
Kd8 Rxc4 43. Rf4 Na5 44. Rg4+ Kh8 45. Ke7 {[#]} Nc6+ (45... Nb7 46. Kf8 Rc8+
47. Kxf7 Nbc5 48. Rg7 Rd8 49. Rg1 Rd7+ 50. Kf8 Rd8+ 51. Kf7 $11) 46. Kf8 $11
1/2-1/2

[Event "BUL-ch 65th"]
[Site "Tsarevo"]
[Date "2001.05.14"]
[Round "4"]
[White "Janev, Evgeni"]
[Black "Bratanov, Zsivko"]
[Result "1-0"]
[WhiteElo "2465"]
[BlackElo "2436"]
[Annotator "Kostakiev,D"]
[PlyCount "89"]
[EventDate "2001.05.11"]
[EventType "swiss"]
[EventRounds "9"]
[EventCountry "BUL"]
[SourceTitle "CBM 083"]
[Source "ChessBase"]
[SourceDate "2001.07.05"]
[SourceVersion "1"]
[SourceVersionDate "2001.07.05"]
[SourceQuality "1"]

1. e4 c5 2. Nf3 d6 3. d4 cxd4 4. Nxd4 Nf6 5. Nc3 e6 6. g3 {[So called line
Panov; /\ f2-f4,g3-g4 ->]} Be7 7. Bg2 O-O ({In the initial games (since 1925
etc.) they were such investigations:} 7... a6 8. O-O Nbd7 (8... Qc7 9. Kh1 (9.
f4 O-O (9... Nc6 $6 10. Nxc6 {Tal,M-Darga,K/URS-BRD/1960/ (14)}) 10. g4 Nc6 11.
Nxc6 {Popovic,P-Stoica,V/Tuzla/1981/ (14)}) (9. Re1 $5) (9. Be3 $5)) 9. Be3 {
1/2-1/2 Sergeant,E-Seitz,J/Hastings 1925/EXT 2001 (9)}) 8. O-O Nc6 (8... a6 9.
b3 Bd7 (9... Qc7 10. Bb2 Nc6 {1/2-1/2 Bondarevsky,I-Goglidze,V/Tbilisi 1937/
EXT 2000 (27)}) 10. Bb2 (10. a4 Nc6 11. Bb2 {Kortchnoi,V-Andersson,U/Reggio
Emilia/1987 (22)}) 10... Nc6 11. Nce2 Qa5 (11... Qc7 {/\Tac8, Tfd8}) 12. c4 Qh5
13. Qd2 {0-1 Bohatirchuk,F-Riumin,N/Moscow 1931/URS-ch/[Ftacnik] (39) NB!:-
Tournament table:1.Riumin 11/13 2.Botvinnik 10/13.}) 9. a4 Bd7 10. Nb3 Na5 (
10... Rc8 11. f4 Na5 12. Nxa5 {1/2-1/2 Kaminski,M-Nikolaev,S/Warsaw 1991/EXT
97 (20)}) 11. Nxa5 Qxa5 12. Bd2 Qd8 (12... Qc7 13. Nb5 $14 {1/2-1/2
Tischbierek,R-Boensch,U/Ost-Berlin 1989/CBM 13 (24)}) (12... Qh5 13. Bf3 Qc5
14. Be3 $11 {1/2-1/2 Popovic,P-Timman,J/Belgrade 1987/CBM 04 (62)}) 13. Qe2 Bc6
14. Rfd1 Qc7 $146 (14... a6 15. a5 Qc7 16. Rdc1 $11 {0-1 Ostojic,P-Jasnikowski,
Z/Cappelle la Grande 1994/EXT 99 (58). (58)}) 15. Be3 a6 (15... Qa5 $5) 16. a5
Rac8 17. f4 Rfe8 18. g4 d5 $1 $132 19. e5 Nd7 20. Qf2 f6 21. exf6 Nxf6 22. h3
Rf8 23. Bb6 Qb8 (23... Qd6 $142 24. Qe1 $132) 24. Qe3 Ne4 25. Nxe4 dxe4 26.
Bxe4 Rxf4 27. Bxc6 Rxc6 28. c3 (28. Rd7) 28... e5 $6 (28... Bg5 $5 29. Qd3 h6
30. Rf1 Rd6 $11) (28... Rf7 $1 29. Rf1 Rxf1+ 30. Rxf1 Rxb6 31. axb6 Bc5 32.
Qxc5 Qg3+ $11) 29. Rd7 Qf8 $2 (29... Re6 $142 30. Rad1 Qf8 31. Kg2 $14) 30.
Qxe5 $16 Bh4 $6 (30... Rf7 $16) 31. Rxg7+ $1 $18 Qxg7 32. Qxf4 Rf6 33. Qc4+ Qf7
34. Qxf7+ Kxf7 35. Rf1 Ke6 36. Rxf6+ Bxf6 37. Kf2 Kd5 38. Ke3 Kc4 39. Kf4 Bh4
40. g5 Kb3 41. Kg4 Be1 42. h4 Kxb2 43. Bd4 Kb3 44. h5 Bd2 45. h6 1-0

[Event "Corus"]
[Site "Wijk aan Zee"]
[Date "2009.01.27"]
[Round "9"]
[White "Karjakin, Sergey"]
[Black "Movsesian, Sergei"]
[Result "1-0"]
[WhiteElo "2706"]
[BlackElo "2751"]
[Annotator "Kritz,L"]
[PlyCount "135"]
[EventDate "2009.01.17"]
[EventType "tourn"]
[EventRounds "13"]
[EventCountry "NED"]
[EventCategory "19"]
[SourceTitle "CBM 129"]
[Source "ChessBase"]
[SourceDate "2009.03.25"]
[SourceVersion "1"]
[SourceVersionDate "2009.03.25"]
[SourceQuality "1"]

1. e4 c5 2. Nf3 d6 3. d4 cxd4 4. Nxd4 Nf6 5. Nc3 e6 6. Be3 ({Die
prinzipiellste Fortsetzung ist} 6. g4 h6 7. h3 a6 8. Be3 Qc7 9. Bg2 {wonach es
zu interessanten, komplexen Stellungen kommt.}) 6... Nc6 7. f3 ({Nach} 7. Be2
Be7 8. O-O O-O {entsteht die Anfangsstellung der Scheveninger Variante.}) 7...
Be7 8. Qd2 O-O 9. g4 $1 {Weiß spielt sehr genau. Es gibt eine ähnliche
Stellung, wo der schwarze Bauer auf a6 steht, und Weiß schon rochiert hat.
Dort ist der Vorstoß g4 offensichtlich. Aber warum muss man hier g4 spielen,
bevor man rochiert hat? Die Antwort ist, dass Schwarz nach 9.0-0-0 den Zug a6
nicht mehr braucht:} (9. O-O-O d5 $1 (9... a6 10. g4 Nxd4 11. Qxd4 b5 12. h4
$36) 10. exd5 (10. Qe1 e5 (10... Bd7 11. Bf2 Qc7 12. Ndb5 Qf4+ 13. Kb1 dxe4 14.
Bg3 Qh6 15. fxe4 $14 {Morozevich - Svidler (Frankfurt, 1999)}) 11. Nxc6 bxc6
12. exd5 Nxd5 13. Bc4 Be6 14. Kb1 Qd7 15. Ne4 Rfd8 16. Qa5 f5 17. Nc5 Bxc5 18.
Qxc5 Qf7 19. Bd2 Nb6 20. Bxe6 Qxe6 $11 {Morozevich - Sokolov (Turin, 2006)}) (
10. Bb5 Nxd4 11. Qxd4 a6 12. Ba4 dxe4 13. Qe5 Bd7 14. Bxd7 Nxd7 15. Qxe4 Qc8
16. Na4 Nf6 17. Qe5 Qc6 18. Nb6 Rad8 $11 {Dominguez Perez - Timofeev (Sarajevo,
2008)}) 10... Nxd5 11. Nxd5 Qxd5 12. c4 (12. Nb3 Qxd2+ 13. Rxd2 Nb4 14. Kb1 Nd5
15. Bf2 Bg5 16. Rd3 b6 17. g3 Bb7 $11 {Topalov - Shirov (Monte Carlo, 1998)})
12... Qd6 13. Nxc6 Qxc6 14. Bd3 e5 15. Qc2 f5 16. Rhe1 Be6 17. Bf2 Bd6 $11 {
Socko - Movsesian (Kallithea, 2008)}) 9... d5 $1 {Schwarz muss das Zentrum
öffnen, solange der weiße König in der Mitte steckt.} (9... a6 10. O-O-O Nxd4
11. Qxd4 b5 12. h4 $14) 10. g5 Nxd4 (10... Nh5 11. O-O-O Nxd4 12. Qxd4 Bxg5 {
-> 10....Nxd4}) 11. Qxd4 Nh5 12. O-O-O $1 {Der einzige Weg um Vorteil zu
kämpfen ist dieses Bauernopfer.} (12. Rg1 dxe4 13. Qxe4 g6 14. Bd3 Qc7 15.
O-O-O Bd7 16. h4 Bc6 $11 {Wang Hao - Timofeev (Taiyuan, 2006). Schwarz hat
seine Probleme erfolgreich gelöst und Ausgleich erreicht.}) (12. f4 dxe4 13.
Qxe4 g6 14. Rd1 Qc7 15. Bg2 Ng7 16. O-O Nf5 $132 {Nijboer - Van der Werf 
(Amsterdam, 2000). Weiß hat keinen Angriff am Königsflügel, Schwarz wird sich
demnächst mittels a6-Rb8-b5 entfesseln.}) 12... Bxg5 13. Kb1 (13. Rg1 Bxe3+ 14.
Qxe3 Qf6 15. exd5 Qf4 16. Qxf4 Nxf4 17. Bc4 (17. d6 Bd7 $11) 17... Bd7 18. dxe6
Bxe6 19. Bxe6 Nxe6 $11 {Luther - Sokolov (Zehlendorf, 2008)}) 13... Kh8 ({
Eine Betrachtung verdienende Alternative ist} 13... Bxe3 14. Qxe3 Qf6 15. exd5
Qf4 $1 (15... Nf4 16. d6 Bd7 17. Bb5 Bxb5 18. Nxb5 Nd5 19. Qe4 $16 {Motylev -
Belozerov (Tomsk, 2006). Mit den Damen auf dem Brett hat Weiß einen großen
Vorteil, weil die weiße Dame den Bauern d6 stark macht.}) 16. Qxf4 Nxf4 17. Bc4
(17. d6 Bd7 18. Bb5 Rfd8 $11 {Ohne Damen dagegen, ist es überhaupt nicht klar,
wer um Vorteil spielt - der Bauer d6 kann genauso stark wie schwach werden.})
17... Rd8 18. dxe6 Bxe6 19. Bxe6 Nxe6 $11 {Jens - Timofeev (Kallithea, 2008)})
14. Bxg5 ({Nicht viel bringt} 14. Rg1 $5 {wegen} e5 $1 (14... Bxe3 15. Qxe3 Qf6
16. exd5 Nf4 {Tkachiev - Bauer (Aix-les-Bains, 2007)} 17. d6 $1 Bd7 18. Bb5
Bxb5 19. Nxb5 Nd5 20. Qe4 $16 {Wieder ist der Bauer d6 sehr stark.}) 15. Qxd5
Qxd5 16. Nxd5 Bxe3 17. Nxe3 Nf4 18. Nc4 f6 19. Nd6 g6 20. c3 Rb8 21. Kc2 (21.
Nxc8 Rbxc8 22. Rd7 Rfd8 $1 23. Rxd8+ Rxd8 24. Kc2 Kg7 $15) 21... Be6 $11 {
Almasi - Balogh (Moscow, 2007)}) (14. Bb5 a6 15. Bxg5 Qxg5 16. Qc5 Rg8 17. Bc4
{1/2-1/2 Ivanchuk,V (2729)-Rublevsky,S (2680)/Sochi RUS 2007}) 14... Qxg5 15.
Rg1 Qf4 (15... Qf6 {Stellwagen - Movsesian (Wijk aan Zee, 2009)} 16. Qc5 $1 Bd7
17. exd5 exd5 (17... Rfc8 18. Qe3 exd5 19. Rxd5 $16) 18. Rxd5 Rfc8 19. Qe3 Bf5
20. Rg5 Re8 21. Qc1 Bg6 22. Rxh5 Bxh5 23. Rxh5 $16) 16. Qc5 ({Nichts bringt} 
16. exd5 Qxd4 17. Rxd4 Nf6 18. d6 Bd7 19. Bb5 Rfd8 $132) 16... Bd7 17. exd5 Nf6
(17... exd5 18. Nxd5 (18. Rxd5 Nf6 $11) 18... Qxh2 19. Bd3 $44 {Weiß hat sehr
gefährliche Kompensation für den Bauern. Die schwarzen Figuren sind
diskoordiniert.}) 18. Bh3 (18. d6 $5 {Hier ist der Vorstoß nicht so klar,
obwohl die Damen auf dem Brett sind. Das kommt daher, dass Schwarz seine
Figuren schon aktiviert hat.} Rfc8 19. Qf2 e5 $132) 18... exd5 (18... Qxf3 19.
Rg3 Qh5 20. Qg1 $44) 19. Bxd7 Nxd7 20. Qxd5 (20. Nxd5 Nxc5 21. Nxf4 Rfd8 $11)
20... Nf6 21. Qxb7 Qxh2 22. Ne4 Nxe4 23. Qxe4 Rad8 $11 {Im Großen und Ganzen
ist die Stellung im Gleichgewicht, aber sie ist noch lange nicht remis. Beide
Seiten haben gute Chancen, es kommt drauf an, wer sein Spiel aktiver gestaltet.
} 24. a4 $1 {Das Luftloch muss man unbedingt machen.} Qc7 (24... g6 $1 $132 {
Ich würde diesen Zug eher in Betracht ziehen. Schwarz macht sich ebenfalls ein
Luftloch und bereitet gleichzeitig h5 vor.}) 25. Rxd8 Rxd8 26. Rg5 g6 27. Rb5
Rd1+ 28. Ka2 Rd7 29. c4 Kg7 $6 {Grundsätzlich gefällt mir die Spielweise des
Schwarzen nicht. Es bietet sich an, den eigenen Bauer nach vorne zu bringen.} (
29... h5 $1 30. c5 Re7 31. Qd4+ Kh7 $132) 30. c5 {Weiß macht das maximal
Mögliche.} a6 31. c6 axb5 32. cxd7 Qxd7 33. Qe5+ Kf8 34. axb5 h5 35. Kb3 Kg8 (
35... Qd3+ 36. Kb4 Qxf3 37. b6 Qg4+ (37... h4 $2 38. Qh8+ Ke7 39. Qxh4+ Kd7 40.
Qd4+ $1 $18 {Der schwarze König kann nicht nach b7 kommen - er wird Matt
gesetzt.}) 38. Ka5 Qd7 39. Qc7 $14 {Schwarz steht am Rande einer Katastrophe.})
36. b6 h4 37. Qc7 Qd1+ 38. Kb4 Qe1+ 39. Kb5 Qe2+ 40. Ka5 Qd2+ 41. b4 {Es wird
immer schwieriger für Schwarz, neue Schachs zu finden.} Qa2+ 42. Kb5 Qe2+ (
42... Qd5+ 43. Qc5 Qxf3 44. Qc8+ Kg7 45. b7 $18) 43. Qc4 Qe8+ 44. Qc6 Qe2+ 45.
Kc5 Qf2+ 46. Kd6 Qg3+ 47. Kd7 h3 $8 {Nach einer Reihe Schachgebote ist es
soweit - Schwarz ist gezwungen, in ein sehr schlechtes Damenendspiel
abzuwickeln.} (47... Qh3+ $4 48. Ke7 $18) 48. b7 h2 49. Qc8+ Kg7 50. b8=Q Qxb8
(50... Qh3+ {Man könnte den weißen König vor den Bauern jagen, aber viel würde
es nicht bringen.} 51. Kc7 Qg3+ 52. Kb6 Qxb8+ 53. Qxb8 h1=Q 54. Qe5+ $16) 51.
Qxb8 h1=Q 52. Qe5+ Kg8 53. Qd5 $1 {Die Dame steht am besten im Zentrum - sie
verteidigt den Bauern f3, deckt den König gegen Schachs und hilft dem eigenen
Bauern schneller nach vorne zu kommen.} Qh3+ 54. Kc7 Qh2+ 55. Kb7 $18 {Das
sieht gewonnen für Weiß aus. Der Weg für den weißen Bauern ist bis b6
gesichert. Die schwarzen Bauern bewegen sich momentan nicht und gleichzeitig
nehmen sie der schwarzen Dame Platz, um Schachgebote von der Seite geben zu
können.} Qh5 56. Kc6 Qh3 57. Kb7 Qh5 58. Qc6 Kg7 59. b5 Qe5 60. b6 g5 61. Kc8
Qf5+ 62. Kd8 Qa5 (62... Qd3+ 63. Kc7 $18) 63. Qd6 Qa8+ 64. Kc7 Qxf3 (64... Qa5
65. Kb8 $18) 65. b7 Qc3+ 66. Kd7 Qh3+ 67. Kd8 Qh8+ 68. Kc7 1-0

[Event "Ubeda"]
[Site "Ubeda"]
[Date "1997.02.17"]
[Round "8"]
[White "Lautier, Joel"]
[Black "Andersson, Ulf"]
[Result "1/2-1/2"]
[WhiteElo "2630"]
[BlackElo "2655"]
[Annotator "Lautier,J"]
[PlyCount "57"]
[EventDate "1997.02.07"]
[EventType "tourn"]
[EventRounds "11"]
[EventCountry "ESP"]
[EventCategory "16"]
[SourceTitle "CBM 058"]
[Source "ChessBase"]
[SourceDate "1997.06.01"]
[SourceVersion "1"]
[SourceVersionDate "1997.06.01"]
[SourceQuality "1"]

1. e4 c5 2. Nf3 d6 3. d4 cxd4 4. Nxd4 Nf6 5. Nc3 e6 6. g3 Nc6 7. Bg2 Bd7 8. O-O
Be7 9. a4 Nxd4 $146 10. Qxd4 O-O 11. Nb5 Qb8 (11... Bc6 12. Rd1 (12. Nxa7 $2
Bxe4 13. Bxe4 Nxe4 $15) 12... a6 (12... d5 13. Nxa7 $16) 13. Nxd6 Qxd6 14. Qxd6
Bxd6 15. Rxd6 Bxe4 16. Bxe4 Nxe4 17. Rb6 $14 (17. Rd7 Nc5 $11)) 12. Rd1 Rd8 13.
Nxd6 (13. c4 $5 Bc6 14. b3 a6 15. Nc3 Qc7 $14) 13... Bxa4 $8 (13... e5 $2 14.
Qxe5 Bg4 15. Qxe7 Rd7 16. Qxd7 $5 (16. Qe5 Bxd1 17. Bf4 Bxc2 18. Qc3 Rc7 19.
Qf3 $36) 16... Nxd7 17. f3 Be6 18. Be3 $16) 14. Qxa4 Bxd6 (14... Rxd6 15. Be3
a6 16. e5 $5 Rxd1+ 17. Rxd1 Qxe5 18. Bxb7 Rb8 19. Bf4 Qe2 20. Bxb8 Qxd1+ 21.
Kg2 $14) 15. Be3 $14 a6 16. Qa5 (16. e5 Bxe5 17. Rxd8+ Qxd8 18. Bxb7 Rb8 19.
Qxa6 Qc7 $1 $36 (19... Bxb2 $11)) (16. Qb3 $5) 16... Bc7 17. Qb4 (17. Bb6 Bxb6
18. Qxb6 Nd7 19. Qb4 Qc7 20. Qe7 $14) 17... e5 $1 (17... Bd6 $4 18. Rxd6 $18)
18. Bc5 b5 $1 19. Be7 Rxd1+ 20. Rxd1 Qb6 21. Qc3 {/\ Bf6, Rd7} Re8 $1 22. Bxf6
gxf6 23. Rd7 Bd6 24. Bh3 Kg7 $1 (24... Rd8 25. Qe3 Bc7 (25... Qb8 26. Ra7 $5
$16 {/\ Bf5} (26. Qh6 Rxd7 27. Bxd7 $16 {>< f6, /\ Bh5})) 26. Qh6 Rxd7 27. Bxd7
f5 $8 28. Qg5+ Qg6 $14) 25. Qf3 Re7 $11 26. Qg4+ Kf8 27. Rxe7 Kxe7 28. Qh5 Bc5
29. Qf5 1/2-1/2

[Event "Ubeda"]
[Site "Ubeda"]
[Date "1997.02.14"]
[Round "5"]
[White "Lautier, Joel"]
[Black "Leko, Peter"]
[Result "1-0"]
[WhiteElo "2630"]
[BlackElo "2600"]
[Annotator "Lautier,J"]
[PlyCount "119"]
[EventDate "1997.02.07"]
[EventType "tourn"]
[EventRounds "11"]
[EventCountry "ESP"]
[EventCategory "16"]
[SourceTitle "CBM 058"]
[Source "ChessBase"]
[SourceDate "1997.06.01"]
[SourceVersion "1"]
[SourceVersionDate "1997.06.01"]
[SourceQuality "1"]

1. e4 c5 2. Nf3 d6 3. d4 cxd4 4. Nxd4 Nf6 5. Nc3 e6 6. g3 Nc6 7. Bg2 Bd7 8. O-O
Be7 9. Be3 (9. a4 Nxd4 10. Qxd4 O-O 11. Nb5 Qb8 12. Rd1 Rd8 13. Nxd6 Bxa4 14.
Qxa4 Bxd6 15. Be3 $14 {Lautier,J-Andersson,U/Ubeda (8)/1997/1/2-1/2/}) 9... O-O
10. Qe2 Qc7 $2 (10... Nxd4 11. Bxd4 Bc6 12. Rad1 $13) 11. Ndb5 $1 Qb8 12. a4 b6
(12... a6 $2 13. Na3 b6 14. Nc4 Bd8 15. Rfd1 Bc7 16. f4 (16. e5 Nxe5 17. Nxe5
dxe5 18. Bg5 $16) 16... Rd8 17. e5 Ne8 18. Qf2 $16) (12... Nb4 $142 {/\ 13...
Bc6}) 13. f4 Rd8 $2 (13... a6 14. Na3 Qc7 15. g4 (15. Nc4 $6 Rab8 16. Qf2 $2 b5
(16... Ng4 $2 17. Bxb6) 17. axb5 axb5 18. Bb6 $2 Qb7 19. Nxb5 d5 $19) 15... Bc8
16. g5 Nd7 $14) 14. g4 a6 15. Na3 Be8 16. g5 Nd7 17. Rf3 Nc5 18. Rh3 g6 19. Rf1
Bd7 (19... Bf8 20. Qg4 h5 21. gxh6 (21. Qh4 $6 Bg7 22. Bf3 Ne7 23. Bxh5 gxh5
24. Qxh5 f5 25. Qh7+ Kf8 26. Rh6 Bf7 $17) 21... Kh7 22. Nc4 b5 23. axb5 axb5
24. Nd2 $16 {/\ Nf3-g5}) 20. Qg4 h5 21. Qh4 (21. gxh6 Kh7 22. Nc4 Rg8 $132 {
/\ e5, /\ f5, /\ d5}) 21... Bf8 (21... d5 $2 22. Bf3 Kg7 23. f5 exf5 24. exd5
Ne5 25. Bd4 f6 26. Nc4 f4 27. gxf6+ Bxf6 28. Bxe5 Bxe5 29. Qe7+ $18) 22. Bf3 (
22. b4 $5 Nxb4 23. f5 (23. Bf3 $2 Bg7 24. Bxh5 Bxc3) 23... exf5 $2 (23... Nc6
24. Bf3 exf5 25. Bxh5 Bg7 (25... gxh5 26. Qxh5 Bg7 27. exf5 $18) 26. Bxg6 (26.
exf5 Bxf5 27. Rxf5 gxf5 28. g6 Ne5 29. gxf7+ Nxf7 30. Nd5 $40) 26... fxg6 27.
Qh7+ Kf7 28. Rh6 (28. exf5 Bxf5 29. Rxf5+ gxf5 30. Qxf5+ Ke8 31. Qg6+ Kd7 32.
Qxg7+ Kc8 $13) 28... Ne7 29. Bd4 Rg8 30. Nd5 Nxd5 31. Rxg6) 24. exf5 Nc6 (24...
Bxf5 25. Rxf5 gxf5 26. Qxb4 $18) 25. fxg6 fxg6 26. Bd5+ Kh8 27. Rf6 {/\ R:g6+-}
) (22. Ne2 $1 Bg7 (22... Ne7 23. Bd4 $1 e5 24. f5 exd4 25. Ng3 Bg7 26. Nxh5
gxh5 27. Qxh5 f6 $8 28. gxf6 Bxf6 29. Rg3+ Kf8 30. Qh6+ Kf7 31. Bf3 $18) 23. f5
(23. Ng3 Ne7 24. f5) 23... Ne5 24. f6 Bf8 25. Ng3 {/\ 26.N:h5+-}) 22... Bg7 23.
Bxh5 gxh5 24. Qxh5 Ne7 $1 25. f5 exf5 26. exf5 Bxf5 (26... Nxf5 27. Nd5 Be6 (
27... Qb7 28. Ne7+ $1 $18) 28. Rxf5 Bxf5 (28... Qb7 $16) 29. Ne7+ Kf8 30. Nxf5
$18) 27. Nd5 Nxd5 28. Rxf5 Qb7 29. g6 Nf6 30. Rxf6 Bxf6 31. Qh7+ Kf8 32. Bh6+ (
32. Rf3 $2 Qe7 $1 (32... Ne4 $2 33. Bh6+ Ke8 34. gxf7+ Qxf7 35. Qxe4+ $18) 33.
g7+ Bxg7 34. Bh6 Qe1+ 35. Rf1 Qe5 36. Nc4 Qd4+ 37. Kh1 Ne6 $19) 32... Ke8 33.
Qg8+ Kd7 34. Qxf7+ Kc6 $1 (34... Be7 35. Re3 Re8 36. b4 $1 (36. Bf8 {/\ g7-g8Q}
Ne4 37. Qf5+ Kc7 38. g7 Rxf8 39. gxf8=Q Rxf8 40. Qxe4 Qxe4 41. Rxe4 Bf6 42. c3
$16) (36. Bg5 $2 Ne4 37. Qf5+ Kc7 38. Rxe4 Bxg5 39. Qf7+ Re7 40. Rxe7+ Bxe7 41.
Qxe7+ Kc6 $13) 36... Qc6 (36... Kc6 37. bxc5 bxc5 38. Bg5 $1 Bxg5 39. Rxe8 $18)
37. Bf8 (37. Bg5 $2 Ne4 38. Qf5+ Kc7 39. Rxe4 Bxg5 40. Rc4 Be3+ 41. Kf1 Rf8 $19
) 37... Ne4 38. Qf5+ Kc7 (38... Kd8 39. g7 $18) 39. Rxe4 Bxf8 40. Rc4 $18) 35.
Qxf6 Qd7 36. Qf3+ d5 (36... Kc7 37. a5 (37. Nc4 $6 Qe6 $1) 37... b5 (37... bxa5
38. Bd2 $40) 38. b4 Ne6 (38... Ne4 $2 39. Rh4 $1 d5 40. Bf4+ $18) 39. c4 $36)
37. Nc4 Qe6 (37... Re8 $2 38. Qf6+ Qe6 39. Ne5+ Kb7 40. Qxe6 Rxe6 (40... Nxe6
41. Rf3 Re7 42. h4) 41. Bf4 Rae8 (41... Rg8 42. Rh7+ Kc8 43. h4) 42. Rh7+ R6e7
43. Nf7 Kc6 (43... Ne4 44. h4) 44. h4 Re1+ 45. Kg2 R8e2+ 46. Kf3 Ne6 (46... Ne4
47. Ne5+ $18) 47. g7 Nd4+ 48. Kg4 Rg1+ 49. Kh5 Ne6 50. Bg5 $18) 38. Bf4 Qxg6+ (
38... Nd7 39. Rg3 Qe1+ 40. Kg2 Re8 41. Ne3) 39. Rg3 Qe6 $2 (39... Qf6 $2 40.
Nxb6 $1 Ra7 41. c4) (39... Qh7 $1 40. Ne5+ Kb7 $13) 40. Ne5+ $138 (40. Rg7 $1
Nd7 (40... Rg8 41. Ne5+ Kd6 42. Ng6+ Kc6 43. Rc7#) (40... Qe1+ 41. Kg2 Nd7 42.
Rg6+ Kb7 43. Nxb6 $1 Nxb6 44. Rg7+ Rd7 45. Rxd7+ Nxd7 46. Qxd5+ $18) 41. Na5+
bxa5 42. Qc3+ Nc5 43. Rc7+ Kb6 44. Qxc5#) 40... Kb7 41. Rg7+ Nd7 42. Re7 $1 $18
Qd6 (42... Qxe7 43. Qxd5+ $18) 43. Bg3 {/\ 44.Qf7+-} Kc8 44. Nf7 $1 Qc5+ (44...
Qxe7 45. Nd6+ Kc7 46. Nf5+ $18 Qe5 47. Qc3+) 45. Kh1 Kb7 46. Nd6+ Ka7 47. c4 $1
$18 a5 48. Qxd5 Qxd5+ 49. cxd5 Ka6 50. Nb5 Nc5 51. Nc7+ Kb7 52. Ne6+ Ka6 53.
Nc7+ Kb7 54. Nxa8+ Kxa8 55. d6 Nxa4 56. h4 Nxb2 57. h5 (57. Rc7 a4 58. d7 $18)
57... a4 58. h6 a3 59. Be5 Nc4 60. Bf6 1-0